Normal view
MARC view
Entry Personal Name
001 - CONTROL NUMBER
- control field: 874660
003 - CONTROL NUMBER IDENTIFIER
- control field: OSt
005 - DATE AND TIME OF LATEST TRANSACTION
- control field: 20260114185816.0
008 - FIXED-LENGTH DATA ELEMENTS
- fixed length control field: 260114|| aca||aabn | a|a d
040 ## - CATALOGING SOURCE
- Original cataloging agency: OSt
- Transcribing agency: OSt
100 ## - HEADING--PERSONAL NAME
- Personal name: Frederick Jones
670 ## - SOURCE DATA FOUND
- Source citation: Work cat.: (OSt)1473594: Frederick Jones, The Boundaries of Art and Social Space in Rome The Caged Bird and Other Art Forms, 2016
